| 000 | 01118nam a2200301 i 4500 | ||
|---|---|---|---|
| 001 | 000029687 | ||
| 003 | DO-SdBNP | ||
| 005 | 20240606145304.0 | ||
| 006 | a||||gr|||| 00| 0 | ||
| 007 | ta | ||
| 008 | 110425s2004 dr aob 000 0 spa d | ||
| 040 |
_aDO-SdBNP _bspa _cBNPHU _erda |
||
| 082 | 4 |
_a22 _bO77p |
|
| 100 | 1 |
_aOrtega, Elpidio _916002 _eautor |
|
| 245 | 1 | 0 |
_aPrimer informe sobre piezas metálicas indigenas en barrera / _cElpidio Ortega, Carmen G. Fondeour. |
| 264 |
_aSanto Domingo : _bCentro Dominicana de Investigaciones Antropologícas, (CENDIA), _c[19--?] |
||
| 300 |
_a10, [8] páginas : _bilustraciones, fotografías, mapas ; _c21 cm. |
||
| 336 |
_2rdacontent _atexto _btxt |
||
| 337 |
_2rdamedia _asin mediación _bn |
||
| 338 |
_2rdacarrier _avolumen _bnc |
||
| 490 |
_aCuadernos del Cendia ; _v3 |
||
| 650 | 4 |
_aIndios Taínos _xAntigüedades _928384 |
|
| 650 | 4 |
_aHistoria _xIndios _928532 |
|
| 650 | 4 |
_aIndios Taínos _xAntigüedades _928384 _yRepública Dominicana |
|
| 700 | 1 |
_aFondeour, Carmen G. _956485 _eautora |
|
| 830 | 0 |
_aUniversidad Autónoma de Santo Domingo _v254 _956475 |
|
| 942 |
_2ddc _cLF2 |
||
| 999 |
_c29179 _d29179 |
||